[Event "Bayernliga 1213 U20"]
[Site "Bayern"]
[Date "2013.01.19"]
[Round "4.1"]
[White "Miller, Eduard"]
[Black "Zhou, Wile"]
[Result "1-0"]
[WhiteElo "2124"]
[BlackElo "1795"]
[PlyCount "41"]
[EventDate "2012.10.20"]
[EventType "team-tourn"]
[EventRounds "7"]
[EventCountry "GER"]
[SourceTitle "EXT 2020"]
[Source "ChessBase"]
[SourceDate "2019.10.17"]
[SourceVersion "1"]
[SourceVersionDate "2019.10.17"]
[SourceQuality "1"]
[WhiteTeam "Forchheim SC U20"]
[BlackTeam "Kelheim SK U20"]
[WhiteTeamCountry "GER"]
[BlackTeamCountry "GER"]

1. e4 c5 2. Nf3 e6 3. d4 cxd4 4. Nxd4 Nf6 5. Nc3 Nc6 6. Be3 Bb4 7. Bd3 Qa5 8. 0-0 Bxc3 9. bxc3 Qxc3 10. Nb5 Qa5 11. Bc5 Nxe4 12. Bxe4 Qxb5 13. Qd6 Kd8 14. Rab1 Qa4 15. Rfd1 Qxe4 16. Rxb7 Ke8 17. Rxd7 Qe1+ 18. Rxe1 Bxd7 19. Rb1 Rd8 20. Rb7 a6 21. Rc7 1-0

[Event "Wittelsbach op 1st"]
[Site "Kelheim"]
[Date "2012.12.29"]
[Round "6"]
[White "Zhou, Wile"]
[Black "Hessler, Markus"]
[Result "1-0"]
[WhiteElo "1947"]
[BlackElo "1762"]
[PlyCount "35"]
[EventDate "2012.12.26"]
[EventType "swiss"]
[EventRounds "7"]
[EventCountry "GER"]
[SourceTitle "EXT 2014"]
[Source "ChessBase"]
[SourceDate "2013.11.20"]
[SourceVersion "1"]
[SourceVersionDate "2013.11.20"]
[SourceQuality "1"]

1. e4 e6 2. d4 d5 3. e5 c5 4. c3 Nc6 5. Nf3 Qb6 6. Bd3 cxd4 7. cxd4 Bd7 8. 0-0 f6 9. Nc3 f5 10. a3 a6 11. Be3 Nge7 12. b4 Na7 13. Rc1 Nec8 14. Bxf5 Nb5 15. Na4 Qd8 16. Bh3 Nc7 17. Ng5 g6 18. Qf3 1-0

[Event "Wittelsbach op 1st"]
[Site "Kelheim"]
[Date "2012.12.28"]
[Round "4"]
[White "Zhou, Wile"]
[Black "Kellner, Christian"]
[Result "1/2-1/2"]
[WhiteElo "1947"]
[BlackElo "1642"]
[PlyCount "47"]
[EventDate "2012.12.26"]
[EventType "swiss"]
[EventRounds "7"]
[EventCountry "GER"]
[SourceTitle "EXT 2014"]
[Source "ChessBase"]
[SourceDate "2013.11.20"]
[SourceVersion "1"]
[SourceVersionDate "2013.11.20"]
[SourceQuality "1"]

1. e4 d6 2. Nc3 Nf6 3. d4 g6 4. Bg5 Bg7 5. Bc4 Nc6 6. Nge2 h6 7. Bh4 g5 8. Bg3 Nh5 9. Qd2 Nxg3 10. hxg3 e6 11. 0-0-0 Na5 12. Bd3 Bd7 13. d5 Qf6 14. b4 b5 15. Bxb5 Bxb5 16. Nd4 Nc4 17. Qe2 a6 18. a4 0-0 19. axb5 axb5 20. Kb1 Na3+ 21. Kb2 Nc4+ 22. Kb1 Na3+ 23. Kc1 Nc4 24. Kb1 1/2-1/2

[Event "Oberpfalz-ch M1"]
[Site "Burglengenfeld"]
[Date "2012.04.03"]
[Round "8"]
[White "Zhou, Wile"]
[Black "Tassell, Pierre"]
[Result "1/2-1/2"]
[WhiteElo "1903"]
[BlackElo "2038"]
[PlyCount "56"]
[EventDate "2012.03.31"]
[EventType "swiss"]
[EventRounds "8"]
[EventCountry "GER"]
[SourceTitle "EXT 2022"]
[Source "ChessBase"]
[SourceDate "2021.10.06"]
[SourceVersion "1"]
[SourceVersionDate "2021.10.06"]
[SourceQuality "1"]

1. e4 c5 2. Nf3 g6 3. d4 cxd4 4. Nxd4 Nc6 5. Nc3 Bg7 6. Be3 Nf6 7. Bc4 0-0 8. Bb3 d6 9. f3 Bd7 10. Qd2 Qa5 11. 0-0-0 Rfc8 12. h4 Ne5 13. Bh6 Bh8 14. h5 Nc4 15. hxg6 hxg6 16. Bxc4 Rxc4 17. Bf8 Nh5 18. Nb3 Qe5 19. g4 Rxc3 20. Qxc3 Qxc3 21. bxc3 Kxf8 22. gxh5 gxh5 23. Rxh5 Bg7 24. e5 Bc6 25. exd6 Bxf3 26. dxe7+ Kxe7 27. Re1+ Kf8 28. Rh3 Bd5 1/2-1/2

[Event "Bayernliga U20 1112"]
[Site "Bayern"]
[Date "2012.01.21"]
[Round "5.2"]
[White "Mueller, Constantin"]
[Black "Zhou, Wile"]
[Result "1-0"]
[WhiteElo "2024"]
[BlackElo "1840"]
[PlyCount "79"]
[EventDate "2011.11.12"]
[EventType "team-swiss"]
[EventRounds "7"]
[EventCountry "GER"]
[SourceTitle "EXT 2022"]
[Source "ChessBase"]
[SourceDate "2021.10.06"]
[SourceVersion "1"]
[SourceVersionDate "2021.10.06"]
[SourceQuality "1"]
[WhiteTeam "Muenchen Suedost SK U20"]
[BlackTeam "Kelheim SK U20"]
[WhiteTeamCountry "GER"]
[BlackTeamCountry "GER"]

1. g3 Nf6 2. Bg2 g6 3. Nf3 Bg7 4. 0-0 0-0 5. d4 c5 6. c3 cxd4 7. cxd4 d5 8. b4 Qb6 9. a4 Qxb4 10. Ba3 Qc4 11. Bxe7 Re8 12. Ne5 Qa6 13. Ba3 Nbd7 14. Nd3 Nb6 15. Nc3 Nc4 16. Bc1 Ne4 17. Nxe4 dxe4 18. Nc5 Qc6 19. e3 f5 20. Qb3 Qd5 21. Rb1 b6 22. Nd3 Be6 23. Nf4 Qd7 24. Nxe6 Qxe6 25. Rd1 Nd6 26. Qxe6+ Rxe6 27. Bf1 Rc8 28. Ba3 Bf8 29. Rbc1 Rxc1 30. Rxc1 Re8 31. Rc7 Ra8 32. Rd7 Nf7 33. Bb2 Rc8 34. d5 Rc2 35. Bd4 Ng5 36. Bf6 Nf3+ 37. Kg2 Ne1+ 38. Kh3 Rxf2 39. Bc4 Rc2 40. Bb3 1-0

[Event "Bayernliga U20 1112"]
[Site "Bayern"]
[Date "2011.12.03"]
[Round "2.2"]
[White "Zhou, Wile"]
[Black "Miller, Eduard"]
[Result "0-1"]
[WhiteElo "1840"]
[BlackElo "2193"]
[PlyCount "56"]
[EventDate "2011.11.12"]
[EventType "team-swiss"]
[EventRounds "7"]
[EventCountry "GER"]
[SourceTitle "EXT 2022"]
[Source "ChessBase"]
[SourceDate "2021.10.06"]
[SourceVersion "1"]
[SourceVersionDate "2021.10.06"]
[SourceQuality "1"]
[WhiteTeam "Kelheim SK U20"]
[BlackTeam "Forchheim SC U20"]
[WhiteTeamCountry "GER"]
[BlackTeamCountry "GER"]

1. e4 e6 2. d4 d5 3. exd5 exd5 4. Bd3 Nc6 5. Nf3 Bd6 6. c3 Nge7 7. Be3 Bg4 8. Nbd2 Qd7 9. Qc2 0-0-0 10. 0-0-0 Rde8 11. Rde1 f6 12. h3 Bf5 13. Bxf5 Nxf5 14. Nf1 g5 15. g4 Ng7 16. Ng3 Ne7 17. Nd2 h5 18. Qd1 Ng6 19. gxh5 Nh4 20. Qg4 f5 21. Qxg5 Ne6 22. Qxh4 Be7 23. Qxe7 Qxe7 24. Nxf5 Qf7 25. Ng3 Nf4 26. Nf3 Nd3+ 27. Kc2 Nxe1+ 28. Nxe1 Rxe3 0-1

[Event "Bayernliga U20 1112"]
[Site "Bayern"]
[Date "2011.11.12"]
[Round "1.2"]
[White "Zhou, Wile"]
[Black "Margraf, Matthias"]
[Result "1-0"]
[WhiteElo "1840"]
[BlackElo "1969"]
[PlyCount "61"]
[EventDate "2011.11.12"]
[EventType "team-swiss"]
[EventRounds "7"]
[EventCountry "GER"]
[SourceTitle "EXT 2022"]
[Source "ChessBase"]
[SourceDate "2021.10.06"]
[SourceVersion "1"]
[SourceVersionDate "2021.10.06"]
[SourceQuality "1"]
[WhiteTeam "Kelheim SK U20"]
[BlackTeam "Buechenbach/Roth U20"]
[WhiteTeamCountry "GER"]
[BlackTeamCountry "GER"]

1. e4 e6 2. d4 d5 3. e5 c5 4. c3 Nc6 5. Nf3 Qb6 6. Be2 Nh6 7. 0-0 cxd4 8. cxd4 Nf5 9. Nc3 Nfxd4 10. Nxd4 Nxd4 11. Be3 Nxe2+ 12. Qxe2 Qd8 13. Rac1 Be7 14. Nb5 0-0 15. Nc7 Rb8 16. Bxa7 Bd7 17. Bxb8 Qxb8 18. a3 Bd8 19. Nb5 Bb6 20. Kh1 Qa8 21. Nd6 Bc6 22. Rc3 Qa4 23. f4 d4 24. Rh3 Bd5 25. Qh5 Qc2 26. Rg3 Qxb2 27. f5 Qd2 28. Rg5 h6 29. Rg3 Qc2 30. f6 Qh7 31. Rxg7+ 1-0

[Event "Bayernliga U20 1011"]
[Site "Bayern"]
[Date "2011.04.02"]
[Round "7.2"]
[White "Zhou, Wile"]
[Black "Oberpriller, Johannes"]
[Result "1/2-1/2"]
[WhiteElo "1838"]
[BlackElo "1843"]
[PlyCount "46"]
[EventDate "2010.10.16"]
[EventType "team-tourn"]
[EventRounds "7"]
[EventCountry "GER"]
[SourceTitle "EXT 2022"]
[Source "ChessBase"]
[SourceDate "2021.10.06"]
[SourceVersion "1"]
[SourceVersionDate "2021.10.06"]
[SourceQuality "1"]
[WhiteTeam "Kelheim SK U20"]
[BlackTeam "Ergolding FC U20"]
[WhiteTeamCountry "GER"]
[BlackTeamCountry "GER"]

1. e4 c5 2. Nf3 g6 3. d4 cxd4 4. Nxd4 Nc6 5. Be3 Bg7 6. Nc3 Nf6 7. Bc4 0-0 8. f3 Qb6 9. Bb3 Nxe4 10. Nd5 Qa5+ 11. c3 Nf6 12. Nxc6 dxc6 13. Nxe7+ Kh8 14. Nxc8 Raxc8 15. 0-0 Rcd8 16. Qc1 Nd5 17. Bh6 Rfe8 18. Bxg7+ Kxg7 19. Re1 Qc5+ 20. Kh1 Rxe1+ 21. Qxe1 Nf4 22. h3 Nd3 23. Qe2 Nf4 1/2-1/2

[Event "Oberpfalz-ch M2"]
[Site "Roding"]
[Date "2010.03.27"]
[Round "2"]
[White "Zhou, Wile"]
[Black "Grasser, Martin"]
[Result "1/2-1/2"]
[WhiteElo "1726"]
[BlackElo "1818"]
[PlyCount "34"]
[EventDate "2010.03.27"]
[EventType "swiss"]
[EventRounds "8"]
[EventCountry "GER"]
[SourceTitle "EXT 2012"]
[Source "ChessBase"]
[SourceDate "2011.11.24"]
[SourceVersion "1"]
[SourceVersionDate "2011.11.24"]
[SourceQuality "1"]

1. e4 c5 2. Nf3 Nc6 3. d4 cxd4 4. Nxd4 Nf6 5. Nc3 a6 6. Be2 d6 7. Bg5 Bd7 8. 0-0 e6 9. Kh1 Be7 10. f4 0-0 11. Qd2 h6 12. Bh4 Qc7 13. Bg3 b5 14. Bf3 Rad8 15. Qe3 Nxd4 16. Qxd4 Bc6 17. Qe3 Ba8 1/2-1/2

[Event "GER-ch U25 op"]
[Site "Willingen"]
[Date "2008.05.13"]
[Round "4"]
[White "Kempe, Markus"]
[Black "Zhou, Wile"]
[Result "0-1"]
[WhiteElo "1243"]
[BlackElo "1512"]
[PlyCount "70"]
[EventDate "2008.05.11"]
[EventType "swiss"]
[EventRounds "9"]
[EventCountry "GER"]
[SourceTitle "CBM 124 Extra"]
[Source "ChessBase"]
[SourceDate "2008.07.03"]
[SourceVersion "1"]
[SourceVersionDate "2008.07.03"]
[SourceQuality "1"]

1. e4 c5 2. Nf3 e6 3. d4 cxd4 4. Nxd4 Nf6 5. e5 Qa5+ 6. Nc3 Qxe5+ 7. Be3 a6 8. Bd3 Be7 9. Qe2 Nc6 10. Nb3 Qc7 11. 0-0 0-0 12. Rad1 b5 13. Ne4 d6 14. Nxf6+ Bxf6 15. Qg4 Ne5 16. Qg3 Bb7 17. Bg5 Bxg5 18. Qxg5 h6 19. Qg3 f5 20. Rfe1 Rf6 21. f4 Rg6 22. Qf2 Rxg2+ 23. Qxg2 Bxg2 24. Kxg2 Nxd3 25. Rxd3 Qxc2+ 26. Rd2 Qc6+ 27. Kg1 Re8 28. Red1 d5 29. Rc1 Qb6+ 30. Kf1 Qe3 31. Rdc2 Qxf4+ 32. Kg1 e5 33. Rc5 d4 34. Rd5 Qe3+ 35. Kf1 Qf3+ 0-1

[Event "Oberpfalz-ch M3"]
[Site "Windischeschenbach"]
[Date "2007.04.03"]
[Round "7"]
[White "Proelss, Reinhold"]
[Black "Zhou, Wile"]
[Result "0-1"]
[WhiteElo "1346"]
[BlackElo "1449"]
[PlyCount "38"]
[EventDate "2007.03.31"]
[EventType "swiss"]
[EventRounds "8"]
[EventCountry "GER"]
[SourceTitle "EXT 2022"]
[Source "ChessBase"]
[SourceDate "2021.10.06"]
[SourceVersion "1"]
[SourceVersionDate "2021.10.06"]
[SourceQuality "1"]

1. e4 e5 2. Nf3 Nc6 3. Bc4 Bc5 4. c3 Nf6 5. d4 exd4 6. cxd4 Bb4+ 7. Bd2 0-0 8. Qb3 a5 9. e5 d5 10. Bb5 Ne4 11. Bxb4 Nxb4 12. a3 c6 13. axb4 cxb5 14. 0-0 b6 15. bxa5 bxa5 16. Qxb5 Ba6 17. Qxa5 Qxa5 18. Rxa5 Bxf1 19. Rxa8 Rxa8 0-1

[Event "Oberpfalz-ch M3"]
[Site "Windischeschenbach"]
[Date "2007.04.02"]
[Round "6"]
[White "Zhou, Wile"]
[Black "Eichinger, Christoph"]
[Result "1/2-1/2"]
[WhiteElo "1449"]
[BlackElo "1365"]
[PlyCount "35"]
[EventDate "2007.03.31"]
[EventType "swiss"]
[EventRounds "8"]
[EventCountry "GER"]
[SourceTitle "EXT 2022"]
[Source "ChessBase"]
[SourceDate "2021.10.06"]
[SourceVersion "1"]
[SourceVersionDate "2021.10.06"]
[SourceQuality "1"]

1. e4 c5 2. Nf3 Nc6 3. d4 cxd4 4. Nxd4 Nf6 5. Nc3 e6 6. Be3 Bb4 7. Nxc6 bxc6 8. Qd3 0-0 9. f3 d5 10. 0-0-0 Qa5 11. Bd2 Bb7 12. Kb1 Rab8 13. e5 Nd7 14. f4 Rfd8 15. Qh3 Bc8 16. Qg3 c5 17. Bd3 Kh8 18. Be2 1/2-1/2

[Event "GER-chT U12"]
[Site "Verden an der Aller"]
[Date "2006.12.29"]
[Round "6.1"]
[White "Gerntke, Oliver"]
[Black "Zhou, Wile"]
[Result "1-0"]
[WhiteElo "1491"]
[BlackElo "1503"]
[PlyCount "63"]
[EventDate "2006.12.27"]
[EventType "team-swiss"]
[EventRounds "7"]
[EventCountry "GER"]
[SourceTitle "EXT 2008"]
[Source "ChessBase"]
[SourceDate "2007.11.25"]
[SourceVersion "1"]
[SourceVersionDate "2007.11.25"]
[SourceQuality "1"]
[WhiteTeam "Grossroehrsdorf U12"]
[BlackTeam "Kelheim SK U12"]
[WhiteTeamCountry "GER"]
[BlackTeamCountry "GER"]

1. d4 d5 2. c4 e6 3. Nc3 Nf6 4. Bg5 Be7 5. Nf3 Nbd7 6. cxd5 exd5 7. e3 h6 8. Bh4 a6 9. Bd3 b5 10. Qc2 Nb6 11. b3 Be6 12. 0-0 0-0 13. Ne2 Rc8 14. Bg3 Bd6 15. Nf4 c5 16. dxc5 Rxc5 17. Qd2 Bg4 18. Nd4 Be5 19. Nfe6 Bxe6 20. Bxe5 Ne4 21. Qd1 Re8 22. Rc1 Bg4 23. Qxg4 Rxe5 24. Rxc5 Rg5 25. Rxd5 Nxd5 26. Qxe4 Nf6 27. Qf3 Qd6 28. Qa8+ Qf8 29. Qxf8+ Kxf8 30. Rc1 Nd5 31. Nf5 Ke8 32. e4 1-0

[Event "GER-chT U12"]
[Site "Verden an der Aller"]
[Date "2006.12.29"]
[Round "5.1"]
[White "Zhou, Wile"]
[Black "Liu, Yi Nan Julian"]
[Result "1-0"]
[WhiteElo "1503"]
[BlackElo "1517"]
[PlyCount "45"]
[EventDate "2006.12.27"]
[EventType "team-swiss"]
[EventRounds "7"]
[EventCountry "GER"]
[SourceTitle "EXT 2008"]
[Source "ChessBase"]
[SourceDate "2007.11.25"]
[SourceVersion "1"]
[SourceVersionDate "2007.11.25"]
[SourceQuality "1"]
[WhiteTeam "Kelheim SK U12"]
[BlackTeam "Muenster 32 U12"]
[WhiteTeamCountry "GER"]
[BlackTeamCountry "GER"]

1. e4 e5 2. Nf3 Nf6 3. Nc3 Bb4 4. a3 Bxc3 5. dxc3 0-0 6. Bg5 d6 7. Bd3 Nc6 8. 0-0 Bg4 9. h3 Bh5 10. Re1 h6 11. Bh4 Re8 12. Kh2 g5 13. g4 gxh4 14. gxh5 Nxh5 15. Rg1+ Ng7 16. Rg4 Re6 17. Qg1 Qf6 18. Bc4 Re7 19. Qg2 Kh8 20. Nxh4 h5 21. Rxg7 Qxh4 22. Rg1 Ree8 23. Rh7+ 1-0

[Event "GER-chT U12"]
[Site "Verden an der Aller"]
[Date "2006.12.28"]
[Round "4.1"]
[White "Rutz, Maximilian"]
[Black "Zhou, Wile"]
[Result "0-1"]
[WhiteElo "1299"]
[BlackElo "1503"]
[PlyCount "66"]
[EventDate "2006.12.27"]
[EventType "team-swiss"]
[EventRounds "7"]
[EventCountry "GER"]
[SourceTitle "EXT 2008"]
[Source "ChessBase"]
[SourceDate "2007.11.25"]
[SourceVersion "1"]
[SourceVersionDate "2007.11.25"]
[SourceQuality "1"]
[WhiteTeam "Berlin GW Baumschulenweg U12"]
[BlackTeam "Kelheim SK U12"]
[WhiteTeamCountry "GER"]
[BlackTeamCountry "GER"]

1. d4 d5 2. Nf3 Nf6 3. e3 e6 4. Bd3 Bd6 5. Nbd2 Nbd7 6. e4 dxe4 7. Nxe4 Nxe4 8. Bxe4 c6 9. 0-0 Nf6 10. Bd3 Bd7 11. Ne5 Qc7 12. f4 Rf8 13. Qe2 0-0-0 14. a4 Nd5 15. Bd2 g6 16. c4 Ne7 17. b4 f6 18. Nxd7 Qxd7 19. b5 c5 20. dxc5 Bxc5+ 21. Kh1 Qxd3 22. Qxe6+ Kb8 23. Rad1 Qc2 24. Qe2 Bb4 25. Rf2 Rfe8 26. f5 Ka8 27. Rf3 Rxd2 28. Rxd2 Qxd2 29. Qxd2 Bxd2 30. Rd3 Nxf5 31. g4 Nh4 32. h3 Bf4 33. Rd7 Re1# 0-1

[Event "GER-chT U12"]
[Site "Verden an der Aller"]
[Date "2006.12.28"]
[Round "3.1"]
[White "Zhou, Wile"]
[Black "Holle, Cedric"]
[Result "1-0"]
[WhiteElo "1503"]
[BlackElo "1117"]
[PlyCount "103"]
[EventDate "2006.12.27"]
[EventType "team-swiss"]
[EventRounds "7"]
[EventCountry "GER"]
[SourceTitle "EXT 2008"]
[Source "ChessBase"]
[SourceDate "2007.11.25"]
[SourceVersion "1"]
[SourceVersionDate "2007.11.25"]
[SourceQuality "1"]
[WhiteTeam "Kelheim SK U12"]
[BlackTeam "Heusweiler SC Reti U12"]
[WhiteTeamCountry "GER"]
[BlackTeamCountry "GER"]

1. e4 e5 2. Nf3 Nf6 3. Nc3 Nc6 4. Bb5 Bc5 5. d3 h6 6. Be3 Bb6 7. Qe2 0-0 8. 0-0-0 d6 9. Rdg1 Bg4 10. h3 Bxf3 11. gxf3 Kh7 12. Rg3 Nd4 13. Bxd4 Bxd4 14. Rhg1 Nh5 15. R3g2 Nf4 16. Rxg7+ Kh8 17. Qd2 c6 18. Bc4 Qf6 19. R7g3 Bxc3 20. bxc3 d5 21. Bb3 a5 22. a3 b5 23. Kd1 Rfd8 24. Qe3 d4 25. cxd4 Rxd4 26. Rg7 Qxg7 27. Rxg7 Kxg7 28. Qe1 Nxh3 29. Qf1 a4 30. Bxf7 Nxf2+ 31. Qxf2 Kxf7 32. f4 Ke6 33. fxe5 Rad8 34. Qf6+ Kd7 35. Qxh6 Kc7 36. e6 R4d6 37. e5 Rd5 38. Qg7+ Kb6 39. e7 R8d7 40. Qf8 Rxe5 41. Qb8+ Ka5 42. Qxe5 Rxe7 43. Qxe7 Kb6 44. Kd2 c5 45. Qd6+ Ka5 46. Qxc5 Ka6 47. Ke3 b4 48. Qxb4 Ka7 49. Kd4 Ka8 50. Kc5 Ka7 51. Kc6 Ka8 52. Qb7# 1-0

[Event "GER-chT U12"]
[Site "Verden an der Aller"]
[Date "2006.12.27"]
[Round "1.1"]
[White "Zhou, Wile"]
[Black "Osmanodja, Filiz"]
[Result "0-1"]
[WhiteElo "1503"]
[BlackElo "1701"]
[PlyCount "82"]
[EventDate "2006.12.27"]
[EventType "team-swiss"]
[EventRounds "7"]
[EventCountry "GER"]
[SourceTitle "EXT 2008"]
[Source "ChessBase"]
[SourceDate "2007.11.25"]
[SourceVersion "1"]
[SourceVersionDate "2007.11.25"]
[SourceQuality "1"]
[WhiteTeam "Kelheim SK U12"]
[BlackTeam "Dresden USV TU U12"]
[WhiteTeamCountry "GER"]
[BlackTeamCountry "GER"]

1. e4 c5 2. Nf3 d6 3. d4 cxd4 4. Nxd4 Nf6 5. Nc3 a6 6. f3 e5 7. Nb3 Be6 8. Bg5 Be7 9. Be2 0-0 10. 0-0 Qc7 11. Rc1 b5 12. Bxf6 Bxf6 13. Nd5 Bxd5 14. Qxd5 Nd7 15. c3 Nb6 16. Qd1 Nc4 17. Bxc4 bxc4 18. Nd2 Bg5 19. Rb1 Rac8 20. b3 cxb3 21. Nxb3 Qb6+ 22. Kh1 Rxc3 23. Qd5 Qc6 24. Qa5 Rc8 25. Qb4 Rc2 26. Qa3 Re2 27. Nc1 Re3 28. Nb3 Rd3 29. Qb2 h6 30. Rfd1 Rc3 31. Qa3 Rd8 32. Na5 Qc7 33. Qb4 Rc5 34. Nb3 Rb5 35. Qa3 a5 36. h3 d5 37. exd5 Rbxd5 38. Rxd5 Rxd5 39. Qb2 a4 40. Nc1 Rd1+ 41. Kh2 e4+ 0-1